000 01512nam a2200361 a 4500
001 ebr10194664
003 CaPaEBR
006 m u
007 cr cn|||||||||
008 050523s2006 ilu sb 001 0 eng
010 _z 2005015016
020 _z0838909094
040 _aCaPaEBR
_cCaPaEBR
035 _a(OCoLC)647667230
043 _an-us---
050 1 4 _aZ716.3
_b.F57 2006eb
082 0 4 _a021.7
_222
100 1 _aFisher, Patricia H.
_q(Patricia Holts)
245 1 0 _aBlueprint for your library marketing plan
_h[electronic resource] :
_ba guide to help you survive and thrive /
_cby Patricia H. Fisher and Marseille M. Pride ; with assistance from Ellen G. Miller.
260 _aChicago :
_bAmerican Library Association,
_c2006.
300 _axi, 135 p.
504 _aIncludes bibliographical references and index.
533 _aElectronic reproduction.
_bPalo Alto, Calif. :
_cebrary,
_d2013.
_nAvailable via World Wide Web.
_nAccess may be limited to ebrary affiliated libraries.
650 0 _aLibraries
_zUnited States
_xMarketing.
650 0 _aLibraries
_xPublic relations
_zUnited States.
650 0 _aLibrary planning
_zUnited States.
650 0 _aStrategic planning
_zUnited States.
655 7 _aElectronic books.
_2local
700 1 _aPride, Marseille M.
_q(Marseille Miles)
700 1 _aMiller, Ellen G.
710 2 _aebrary, Inc.
856 4 0 _uhttp://site.ebrary.com/lib/rucke/Doc?id=10194664
_zAn electronic book accessible through the World Wide Web; click to view
999 _c114051
_d114051